000 00316 a2200133 4500
000 nam a22 7a 4500
100 _aShukla
110 _aShukla
245 _aIntroduction to botany
250 _aLatest edition
260 _bAcademic Publication
_c2026
264 _bAcademic Publication
_c2026
942 _cBK
999 _c396064
_d396064